000 00267nam a2200109Ia 4500
001 1268656
005 20260417145254.0
008 260417s9999 xx 000 0 und d
020 _a9786257587600
245 0 _aOkulun İlk Günü
_cJory John
260 _bKetebe Çocuk
999 _c1268656
_d1268656